Constitution of the Union of Soviet Socialist Republics (Record no. 19025)

MARC details
000 -LEADER
fixed length control field 00411nam a2200157Ia 4500
008 - FIXED-LENGTH DATA ELEMENTS--GENERAL INFORMATION
fixed length control field 221030s9999 xx 000 0 und d
041 ## - LANGUAGE CODE
Language code of text/sound track or separate title
100 ## - MAIN ENTRY--AUTHOR NAME
Personal name USSR
245 #0 - TITLE STATEMENT
Title Constitution of the Union of Soviet Socialist Republics
Statement of responsibility, etc by USSR, Moscow
260 ## - PUBLICATION, DISTRIBUTION, ETC. (IMPRINT)
Name of publisher Movosti Press
Year of publication 1978
Place of publication Moscow
300 ## - PHYSICAL DESCRIPTION
Number of Pages 123
650 ## - SUBJECT ADDED ENTRY--TOPICAL TERM
Topical Term Constitution
700 ## - ADDED ENTRY--PERSONAL NAME
Personal name Moscow
942 ## - ADDED ENTRY ELEMENTS (KOHA)
Koha item type Books
Source of classification or shelving scheme Dewey Decimal Classification
Holdings
Accession Number Cost, normal purchase price Price effective from Koha item type Withdrawn / writtenoff status Materials specified (bound volume or other part) Damaged status Not for loan Permanent Location Current Location Shelving location Date acquired Lost/ Missing status department
LLB 262 175.00 10/30/2022 Books   Print     MIET Library, Jammu MIET Library, Jammu 182/3 09/27/2022   BBA LLB